000 01871cam a22005294i 4500
003 PE-LiUPU
005 20250731180110.0
008 150623s r 000 0 d
020 _a0135187052
035 _a(Sirsi) i9780135187050
040 _aPE-LiUPU
_bspa
_cPE-LiUPU
_erda
049 _aPRUA
082 0 4 _a511.3
_bK38
_221
100 1 _aKelley, Dean,
_eautor.
245 1 0 _aTeoría de autómatas y lenguajes formales /
_cDean Kelley ; traducción, Mª Luisa Díez Platas ; revisión técnica, Luis Joyanes Aguilar.
264 1 _aMadrid :
_bPrentice Hall,
_c1995.
300 _a302 páginas :
_bilustraciones diagrámas ;
_c24 centímetros
336 _atext
_2rdacontent
337 _aunmediated
_2rdamedia
338 _avolume
_2rdacarrier
504 _aIncluye bibliografía.
505 0 _aPreliminares matemáticos. -Alfabetos y lenguajes. -Lenguajes regulares. -Lenguajes independientes del contexto. -Máquinas de turing. -Máquinas de turing y lenguajes. -resolubilidad. -Introducción a la complejidad computacional.
526 _aSEG44
526 _aSEG26
526 _aP159
526 _aP155
526 _aP154
526 _aP153
526 _aP150
526 _aP100
526 _aP31
526 _aP30
526 _aP26
526 _aP25
526 _aP24
526 _aP22
526 _aP15
526 _aP10
650 0 4 _aAutómatas matemáticos.
650 0 4 _aLenguajes formales.
942 _2ddc
_cBOOK
949 _a511.3 K38
_wDEWEY
_c1
_i46584
_lCCODEBUL1
_mBUL
_r0
_sY
_tBOOK
_u2015-6-24
_xINGENIERIA
_zUNKNOWN
_0COMPRA
_o.STAFF. Colección General
994 _aC0
_bPEPRU
596 _a1
999 _a511.3 K38
_wDEWEY
_c23346
_i46584
_f2021-11-9
_g7
_lCCODEBUL1
_mBUL
_r0
_sY
_tBOOK
_u2015-6-24
_xINGENIERIA
_zUNKNOWN
_0COMPRA
_o.STAFF. Colección General
_d23346
980 _81
_gALBERTO SANCHEZ Responsable de Automatización